Ethnos und Mobilitat im 5. Jahrhundert aus archaologischer Sicht : (Record no. 227537)
[ view plain ]
| 000 -LEADER | |
|---|---|
| fixed length control field | 00961nam a2200241 u 4500 |
| 001 - CONTROL NUMBER | |
| control field | 000641671 |
| 003 - CONTROL NUMBER IDENTIFIER | |
| control field | AM-YeHGA |
| 005 - DATE AND TIME OF LATEST TRANSACTION | |
| control field | 20250617140832.0 |
| 008 - FIXED-LENGTH DATA ELEMENTS--GENERAL INFORMATION | |
| fixed length control field | 090313s2008 gw r 000 0 ger d |
| 020 ## - INTERNATIONAL STANDARD BOOK NUMBER | |
| International Standard Book Number | 9783769609738 |
| 040 ## - CATALOGING SOURCE | |
| Original cataloging agency | AM-YeHGA |
| 041 0# - LANGUAGE CODE | |
| Language code of text/sound track or separate title | ger |
| 090 ## - LOCALLY ASSIGNED LC-TYPE CALL NUMBER (OCLC); LOCAL CALL NUMBER (RLIN) | |
| -- | 229080 |
| 100 1# - MAIN ENTRY--PERSONAL NAME | |
| Personal name | Bierbrauer, Volker |
| 245 10 - TITLE STATEMENT | |
| Title | Ethnos und Mobilitat im 5. Jahrhundert aus archaologischer Sicht : |
| Remainder of title | Vom Kaukasus bis Niederosterreich / |
| Statement of responsibility, etc. | [By] Volker Bierbrauer. |
| 260 ## - PUBLICATION, DISTRIBUTION, ETC. | |
| Place of publication, distribution, etc. | Munchen : |
| Name of publisher, distributor, etc. | Verl. der Bayerische Akad. der Wissenschaften, |
| Date of publication, distribution, etc. | 2008. |
| 300 ## - PHYSICAL DESCRIPTION | |
| Extent | 129 p. : |
| Other physical details | ill. : maps., tafs. |
| 490 1# - SERIES STATEMENT | |
| Series statement | Bayerische Akademie der Wissenschaften. Philosophisch-Historische Klasse. Abhandlungen. Neue Folge |
| International Standard Serial Number | 0005-710X |
| Volume/sequential designation | H. 131 |
| 504 ## - BIBLIOGRAPHY, ETC. NOTE | |
| Bibliography, etc. note | Includes bibliogr. references |
| 650 14 - SUBJECT ADDED ENTRY--TOPICAL TERM | |
| Topical term or geographic name entry element | Ethnology |
| Geographic subdivision | Caucasus |
| 650 14 - SUBJECT ADDED ENTRY--TOPICAL TERM | |
| Topical term or geographic name entry element | Archaeology |
| General subdivision | Plan |
| 830 #0 - SERIES ADDED ENTRY--UNIFORM TITLE | |
| Uniform title | Bayerische Akademie der Wissenschaften. |
| Name of part/section of a work | Philosophisch-Historische Klasse. Abhandlungen. Neue Folge |
| Volume/sequential designation | H. 131 |
| Withdrawn status | Lost status | Damaged status | Not for loan | Collection | Home library | Current library | Date acquired | Cost, normal purchase price | Shelving control number | Total checkouts | Full call number | Barcode | Date last seen | Price effective from | Koha item type | Public note |
|---|---|---|---|---|---|---|---|---|---|---|---|---|---|---|---|---|
| General | Fundamental Scientific Library | Fundamental Scientific Library | 29/12/2016 | 1300.00 | ПИ 1266/ 131 | FL0097049 | 29/12/2016 | 29/12/2016 | Գրքեր / Books | 30 Days Loan |
ՀՀ Գիտությունների ազգային ակադեմիայի հիմնարար գիտական գրադարան = Fundamental Scientific Library of NAS RA
All site content, except where otherwise noted, is licensed under a